000
00248nam a2200097Ia 4500
001
730653
005
20250826163719.0
008
250824s9999 xx 000 0 und d
245
0
_a
İSLAM PEYGAMBERİ HZ. MUHAMMED
_c
SAM DEEB
260
_b
HAYAT YAYINLARI
999
_c
730653
_d
730653